Healing across boundaries : (Record no. 91965)

MARC details
000 -LEADER
fixed length control field 00616nam a22001937a 4500
005 - DATE AND TIME OF LATEST TRANSACTION
control field 20150421111336.0
010 ## - LCCN (DPL NO)
LC control number ENG-112303
020 ## - INTERNATIONAL STANDARD BOOK NUMBER
International Standard Book Number 9781138795976
Terms of availability 750.00
035 ## - SYSTEM CONTROL NUMBER
System control number EN-95835
037 ## - SOURCE OF ACQUISITION
Source of stock number/acquisition DBAD/PUB
082 ## - DEWEY DECIMAL CLASSIFICATION NUMBER
Classification number 613.7046
245 ## - TITLE STATEMENT
Title Healing across boundaries :
Remainder of title bio-medicine and alternative therapeutics /
Statement of responsibility, etc edited by Makarand R. Paranjape
260 ## - PUBLICATION, DISTRIBUTION, ETC. (IMPRINT)
Place of publication, distribution, etc New Delhi
Name of publisher, distributor, etc Routledge
Date of publication, distribution, etc 2014
270 ## - ADDRESS
Address 912,Tolstoy House, 15-17 Tolstoy Marg, Connaught Place
City New Delhi
Postal code 110001
300 ## - PHYSICAL DESCRIPTION
Extent xxv,242p.
Dimensions 22cm(Hb)
500 ## - GENERAL NOTE
General note Includes index
700 ## - ADDED ENTRY--PERSONAL NAME
Personal name Paranjape, Makarand R.
942 ## - ADDED ENTRY ELEMENTS (KOHA)
Source of classification or shelving scheme Dewey Decimal Classification
Item type English Books
Call number suffix HEA
Holdings
Withdrawn status Lost status Not for loan Collection code Home library Current library Date acquired Source of acquisition Cost, normal purchase price Full call number Barcode Copy number Cost, replacement price Koha item type
    Not For Loan Non-fiction D.B.Act.Division D.B.Act.Division 26/02/2015 DBAD/PUB 750.00 613.7046 HEA EN-95835 1 750.00 English Books

© Delhi Public Library
Hit Counter
free hit counter